Бюджетный кодекс Российской Федерации (Запись № 1520837)

Подробности
000 -МАРКЕР
контрольное поле 02143nam0a2200385 4500
001 - ИДЕНТИФИКАТОР ЗАПИСИ
контрольное поле RU\NLR\bibl\264772
005 - ИДЕНТИФИКАТОР ВЕРСИИ
контрольное поле 20260608064821.0
010 ## - МЕЖДУНАРОДНЫЙ СТАНДАРТНЫЙ НОМЕР КНИГИ (ISBN)
Номер (ISBN) 5-86894-515-8
Тираж 3000
021 ## - НОМЕР ГОСУДАРСТВЕННОЙ РЕГИСТРАЦИИ
Код страны Российская Федерация
Номер 2001-63610
Номер Листа государственной регистраци 3097
035 ## - ДРУГИЕ СИСТЕМНЫЕ НОМЕРА
Идентификатор записи (NLR Aleph) 000260370
100 ## - ДАННЫЕ ОБЩЕЙ ОБРАБОТКИ
Данные общей обработки 20020426d2001 |||y0rusy50 ca
101 0# - ЯЗЫК РЕСУРСА
Язык текста, звукозаписи и т.д. русский
102 ## - СТРАНА ПУБЛИКАЦИИ ИЛИ ПРОИЗВОДСТВА
Страна публикации Российская Федерация
105 ## - ПОЛЕ КОДИРОВАННЫХ ДАННЫХ: ТЕКСТОВЫЕ МАТЕРИАЛЫ, МОНОГРАФИЧЕСКИЕ
Кодированные данные о монографическом текстовом документе y |||||||||
200 1# - ЗАГЛАВИЕ И СВЕДЕНИЯ ОБ ОТВЕТСТВЕННОСТИ
Основное заглавие Бюджетный кодекс Российской Федерации
Сведения, относящиеся к заглавию [Принят Гос. Думой 17 июля 1998 г.
-- Одобр. Советом Федерации 17 июля 1998 г.]
-- (Собр. законодательства Рос. Федерации, 1998 г., № 31, ст. 3823)
-- В ред. Федер. законов от 31 дек. 1999 г. № 227-ФЗ (СЗ РФ, 2000 г., № 1, ч. 1, ст. 10), от 5 авг. 2000 г. № 116-ФЗ (СЗ РФ, 2000 г., № 32, ст. 3339), от 27 дек. 2000 г. № 150-ФЗ (СЗ РФ, 2001 г., № 1, ч. 1, ст. 2), от 5 авг. 2001 г. № 126-ФЗ (СЗ РФ, 2001 г., № 33, ч. 1, ст. 3429),
205 ## - СВЕДЕНИЯ ОБ ИЗДАНИИ
Сведения об издании [4-е изд.]
210 ## - ПУБЛИКАЦИЯ, РАСПРОСТРАНЕНИЕ И ДР.
Место издания, распространения и т.д. М.
Имя издателя, распространителя и т. д. Ось-89
Дата издания, распространения и т.д. 2001
215 ## - ФИЗИЧЕСКАЯ ХАРАКТЕРИСТИКА
Специфическое обозначение материала и объем 191 с.
Размеры 20
604 ## - ИМЯ И ЗАГЛАВИЕ КАК ПРЕДМЕТ
Связываемые данные 71001$aРоссийская Федерация
-- 50011$aБюджетный кодекс$2nlr_sh2$3RU\NLR\AUTH\661262431
Идентификатор авторитетной/нормативной записи RU\NLR\AUTH\661262431
Имя лица Российская Федерация
Заглавие Бюджетный кодекс
Системный номер авторитетной/нормативной записи 2086299
606 ## - НАИМЕНОВАНИЕ ТЕМЫ КАК ПРЕДМЕТ
Наименование темы Бюджетный кодекс
Географический подзаголовок Российская Федерация
Системный номер авторитетной/нормативной записи 2086296
Идентификатор авторитетной/нормативной записи RU\NLR\auth\661262428
610 0# - НЕКОНТРОЛИРУЕМЫЕ ПРЕДМЕТНЫЕ ТЕРМИНЫ
Предметный термин Бюджетный кодекс Российской Федерации
610 0# - НЕКОНТРОЛИРУЕМЫЕ ПРЕДМЕТНЫЕ ТЕРМИНЫ
Предметный термин Российская Федерация, финансы
675 ## - УНИВЕРСАЛЬНАЯ ДЕСЯТИЧНАЯ КЛАССИФИКАЦИЯ (UDC/УДК)
Индекс 336.1/.5(470)(094.4)
Издание 3
Язык издания rus
686 ## - ИНДЕКСЫ ДРУГИХ КЛАССИФИКАЦИЙ
Индекс 06.75
Код системы
686 ## - ИНДЕКСЫ ДРУГИХ КЛАССИФИКАЦИЙ
Индекс 65.26
Код системы
686 ## - ИНДЕКСЫ ДРУГИХ КЛАССИФИКАЦИЙ
Индекс Х622.1-324.9(2Р)
740 #1 - УСЛОВНОЕ НАИМЕНОВАНИЕ / ЗАГЛАВИЕ ДЛЯ ЗАКОНОДАТЕЛЬНЫХ И РЕЛИГИОЗНЫХ ТЕКСТОВ - ПЕРВИЧНАЯ ОТВЕТСТВЕННОСТЬ
Начальный элемент ввода Российская Федерация
Название раздела или части Бюджетный кодекс
Обозначение вида документа Законы
-- 425377
Идентификатор авторитетной/нормативной записи RU\NLR\AUTH\880379494
801 #0 - ИСТОЧНИК ЗАПИСИ
Страна Российская Федерация
Организация RKP
Дата составления 20020426
Правила каталогизации PSBO
801 #1 - ИСТОЧНИК ЗАПИСИ
Страна Российская Федерация
Организация RKP
Дата составления 20020426
801 #2 - ИСТОЧНИК ЗАПИСИ
Страна Российская Федерация
Организация NLR
Дата составления 20090520
Правила каталогизации rcr
942 ## - ДОПОЛНИТЕЛЬНЫЕ ЭЛЕМЕНТЫ ЗАПИСИ (АБИС)
Тип экземпляра АБИС Книга
980 ## - КОЛЛЕКЦИЯ
Название коллекции Национальная библиография
Экземпляры
Тип экземпляра Дата поступления Источник поступления Библиотека постоянного хранения Библиотека текущего хранения Место хранения Шифр хранения Штрих-код Статус экземпляра
Книга 20.05.2002 Обязательный экземпляр РНБ (Московский) РНБ (Московский) Русский книжный фонд: издания с 1957 года 2002-3/12166 269358  
Книга 20.05.2002 Обязательный экземпляр РНБ (Московский) РНБ (Московский) Русский книжный фонд: издания с 1957 года 2002-3/12166 269359